000 00665nam a22002177a 4500
003 OSt
005 20240625100443.0
008 240625b |||||||| |||| 00| 0 eng d
020 _a978-0070289277
040 _cMUST
082 _a591.5 HIN 1970
100 _aHinde, Robert A.
_917746
245 _aAnimal behaviour :
_ba synthesis of ethology and comparative psychology /
_cRobert A. Hinde
250 _a2nd.ed.
260 _aNew York
_bMcGraw-Hill Book Company
_c1970
300 _axvi, 876p.:
_bill.;
_c25 cm.
504 _aIncludes bibliographical references and index
650 _aAnimal Behaviour
_912601
650 _aBiology
_95602
942 _2ddc
_cO_SHELF
999 _c8781
_d8781